Landen die het dichtst bij Benin liggen - sprint van 15 seconden - Statistieken

Algemene statistieken
  • Deze quiz is 22 keer genomen
  • De gemiddelde score is 6 van 20
Antwoordstatistieken
km land % Correct
0 Togo
94%
0 Niger
71%
0 Nigeria
71%
43 Ghana
65%
0 Burkina Faso
59%
326 Mali
59%
315 Côte d'Ivoire
53%
947 Guinee
18%
668 Kameroen
18%
857 Mauritanië
18%
1261 Congo
12%
1232 Sierra Leone
12%
1114 Tsjaad
12%
733 Algerije
6%
1291 Centraal-Afrikaanse Republiek
6%
720 Equatoriaal-Guinea
6%
969 Gabon
6%
997 Liberia
6%
1340 Senegal
6%
735 Sao Tomé en Principe
0%
Geen overeenkomende quizzen gevonden
Scoreverdeling
Procent van Mensen met Elke Score
Percentiel versus Aantal Correcte Antwoorden
Uw Scoregeschiedenis
U heeft deze quiz nog niet genomen